000 00828nam a2200205 a 4500
001 000006893
005 20200929154021.0
008 090903s2007 dr r 000 0 spa d
040 _aDO-SdBNP
_bspa
_cBNPHU
082 _a348.044
_bR426p, 2006
110 1 _aRepública Dominicana.
_bSuprema Corte de Justicia
_97906
245 1 0 _aPrincipales sentencias de la Suprema Corte de Justicia año 2006 /
_cSuprema Corte de Justicia.
260 _aSanto Domingo :
_bSuprema Corte de Justicia,
_c2007.
300 _a2v. ;
_c21 cm.
590 _aInventariado, 2018/BT
610 1 4 _aREPÚBLICA DOMINICANA.
_bSUPREMA CORTE DE JUSTICIA
_97906
650 4 _aJurisprudencia
_xRecopilaciones, repertorios, etc.
_zRepública Dominicana
_919125
650 4 _aSentencias
_zRepública Dominicana
_919124
910 _aValidado. Control de calidad. MMOLINA
999 _c6680
_d6680